[Event "18. Copenhagen Open (Politiken Cup)"]
[Site "Brondby"]
[Date "1996.??.??"]
[Round "10"]
[White "Borbjerggaard, Lars"]
[Black "Tseshkovsky, Vitaly"]
[Result "0-1"]
[WhiteElo "2185"]
[BlackElo "2540"]
[PlyCount "76"]
[EventDate "1996.??.??"]
[EventType "swiss"]
[EventRounds "11"]
[EventCountry "DEN"]
[SourceDate "2004.01.01"]

1. d4 Nf6 2. c4 g6 3. Nc3 d5 4. cxd5 Nxd5 5. Bd2 Nb6 6. Bf4 Bg7 7. Nf3 O-O 8.
e3 Bg4 9. Be2 c5 10. dxc5 Bxc3+ 11. bxc3 Qxd1+ 12. Rxd1 Na4 13. Bh6 Rc8 14. Rd4
Bxf3 15. Bxf3 Nxc5 16. O-O Nc6 17. Rfd1 Ne5 18. Be2 f6 19. Bf4 Nf7 20. Bg3 e5
21. Rc4 b5 22. Rb4 Na4 23. Bxb5 Nxc3 24. Ra1 a5 25. Rb3 a4 26. Rb4 Rcb8 27. Bc6
Rxb4 28. Bxa8 Rb8 29. Bc6 Rb6 30. Bd7 Rd6 31. Bc8 Nxa2 32. f4 Nc3 33. Ra3 Rd1+
34. Kf2 Ne4+ 35. Ke2 Rd2+ 36. Kf3 f5 37. Rxa4 Neg5+ 38. fxg5 Nxg5# 0-1

[Event "18. Copenhagen Open (Politiken Cup)"]
[Site "Brondby"]
[Date "1996.??.??"]
[Round "10"]
[White "Bromann, Thorbjorn"]
[Black "Johansen, Terje"]
[Result "0-1"]
[WhiteElo "2220"]
[BlackElo "2375"]
[PlyCount "152"]
[EventDate "1996.??.??"]
[EventType "swiss"]
[EventRounds "11"]
[EventCountry "DEN"]
[SourceDate "2004.01.01"]

1. e4 c6 2. d4 d5 3. exd5 cxd5 4. c4 Nf6 5. Nc3 Nc6 6. Nf3 Bg4 7. cxd5 Nxd5 8.
Be2 e6 9. O-O Be7 10. Ne5 Bxe2 11. Nxe2 Nxe5 12. dxe5 O-O 13. Nf4 Nxf4 14. Bxf4
Qb6 15. b3 Rfd8 16. Qg4 Rd5 17. Rac1 Qa5 18. Qe2 Rad8 19. Rc4 a6 20. h3 g6 21.
Kh2 Bf8 22. Bg5 Re8 23. Bf6 Bg7 24. Bxg7 Kxg7 25. Qf3 Rxe5 26. Qxb7 Qxa2 27.
Ra4 Qe2 28. Qxa6 Rb8 29. Qc4 Qxc4 30. bxc4 Re2 31. Raa1 Rc2 32. Rac1 Rxc1 33.
Rxc1 Kf6 34. Kg3 Ke5 35. Ra1 Rb7 36. Ra4 h6 37. h4 Rc7 38. h5 g5 39. Ra8 Rxc4
40. Rh8 Kf6 41. Kf3 Rf4+ 42. Ke3 Rh4 43. Ra8 Rxh5 44. Ra4 Rh1 45. Kf3 Re1 46.
Rb4 Kg6 47. Ra4 h5 48. g3 Rb1 49. Ra3 Rb4 50. Kg2 h4 51. gxh4 Rxh4 52. Kg3 Rb4
53. Re3 Kf5 54. Rf3+ Rf4 55. Ra3 f6 56. Rb3 e5 57. Ra3 Rd4 58. Rb3 e4 59. Rb5+
Kg6 60. Rb6 Rd3+ 61. Kg2 Kf5 62. Rb5+ Kf4 63. Rb4 f5 64. Ra4 g4 65. Rb4 g3 66.
fxg3+ Rxg3+ 67. Kf2 Ra3 68. Rb2 e3+ 69. Ke2 Ra4 70. Kf1 Kf3 71. Rf2+ Ke4 72.
Rb2 f4 73. Rb1 f3 74. Rc1 Kf4 75. Re1 Kg3 76. Rxe3 Ra1+ 0-1

[Event "18. Copenhagen Open (Politiken Cup)"]
[Site "Brondby"]
[Date "1996.??.??"]
[Round "10"]
[White "Brynell, Stellan"]
[Black "Lobejko, Rafal"]
[Result "1/2-1/2"]
[WhiteElo "2445"]
[BlackElo "2215"]
[PlyCount "94"]
[EventDate "1996.??.??"]
[EventType "swiss"]
[EventRounds "11"]
[EventCountry "DEN"]
[SourceDate "2004.01.01"]

1. e4 d6 2. d4 Nf6 3. Nc3 g6 4. Nf3 Bg7 5. h3 c6 6. a4 O-O 7. Be3 Qa5 8. Nd2
Be6 9. Be2 d5 10. e5 Nfd7 11. O-O f6 12. f4 Na6 13. Nb3 Qd8 14. a5 Nc7 15. Bf3
Rf7 16. Qd2 Qf8 17. Qe2 Bh6 18. Nd1 fxe5 19. fxe5 Bf5 20. Nf2 Qg7 21. Ng4 Bxe3+
22. Qxe3 g5 23. Nh2 Qg6 24. Qe2 Qe6 25. Bh5 Rff8 26. Rf2 Qh6 27. Raf1 Be6 28.
Bf3 Rf7 29. Qd2 Raf8 30. Qb4 Nb5 31. Nc5 Nxc5 32. Qxc5 Qh4 33. Ng4 Kg7 34. a6
h5 35. axb7 hxg4 36. Bxg4 Rxf2 37. Qxe7+ R8f7 38. Qxf7+ Rxf7 39. Rxf7+ Bxf7 40.
b8=Q Qe1+ 41. Kh2 Nxd4 42. Qd6 Qf2 43. c3 Qf4+ 44. Kh1 Nc2 45. Qe7 Ne1 46. Kg1
Nd3 47. e6 Qf2+ 1/2-1/2

[Event "18. Copenhagen Open (Politiken Cup)"]
[Site "Brondby"]
[Date "1996.??.??"]
[Round "10"]
[White "Coleman, David"]
[Black "Berg, Emanuel"]
[Result "1/2-1/2"]
[WhiteElo "2255"]
[BlackElo "2180"]
[PlyCount "63"]
[EventDate "1996.??.??"]
[EventType "swiss"]
[EventRounds "11"]
[EventCountry "DEN"]
[SourceDate "2004.01.01"]

1. e4 e6 2. d4 d5 3. Nc3 Bb4 4. e5 c5 5. a3 Bxc3+ 6. bxc3 Qc7 7. Qg4 f5 8. Qg3
Ne7 9. Qxg7 Rg8 10. Qxh7 cxd4 11. Kd1 Nbc6 12. Nf3 Nxe5 13. Bb5+ Bd7 14. Bxd7+
Nxd7 15. Ng5 Nf8 16. Qf7+ Kd7 17. Rb1 a5 18. Re1 Ra6 19. Bf4 Qc8 20. Rb5 Qc6
21. a4 Rb6 22. Nf3 Nfg6 23. Nxd4 Qxc3 24. Nxe6 Rxb5 25. axb5 Rc8 26. Nf8+ Rxf8
27. Qe6+ Kd8 28. Qd6+ Kc8 29. Qb8+ Kd7 30. Qd6+ Kc8 31. Qb8+ Kd7 32. Qd6+
1/2-1/2

[Event "18. Copenhagen Open (Politiken Cup)"]
[Site "Brondby"]
[Date "1996.??.??"]
[Round "10"]
[White "Djurhuus, Rune"]
[Black "Hansen, Curt"]
[Result "1/2-1/2"]
[WhiteElo "2505"]
[BlackElo "2615"]
[PlyCount "187"]
[EventDate "1996.??.??"]
[EventType "swiss"]
[EventRounds "11"]
[EventCountry "DEN"]
[SourceDate "2004.01.01"]

1. e4 d6 2. d4 Nf6 3. Nc3 g6 4. Nge2 Bg7 5. g3 O-O 6. Bg2 e5 7. O-O c6 8. a4
Nbd7 9. h3 b6 10. Be3 Bb7 11. d5 cxd5 12. exd5 a6 13. g4 Ne8 14. g5 f5 15. gxf6
Nexf6 16. Ng3 Rc8 17. Nge4 Nxe4 18. Nxe4 Qc7 19. c4 Nc5 20. Ng5 Bf6 21. h4 a5
22. Bh3 Bxg5 23. Bxg5 Rce8 24. Bh6 Rf7 25. f4 Bc8 26. Bxc8 Qxc8 27. fxe5 Rxf1+
28. Qxf1 Qg4+ 29. Qg2 Qxh4 30. Qh2 Qxc4 31. Rf1 Qg4+ 32. Qg2 Qd4+ 33. Kh1 Qxe5
34. Qf2 Qxd5+ 35. Kg1 Nd7 36. Qf4 Qe6 37. Rf2 d5 38. Rf1 Qe7 39. Rf2 Ne5 40.
Qd4 Qe6 41. Rf4 Rc8 42. b3 g5 43. Bxg5 Rc2 44. Qe3 d4 45. Qg3 Rc1+ 46. Kh2 Rc2+
47. Kg1 h5 48. Re4 Rc3 49. Qxe5 Qxe5 50. Rxe5 Rxb3 51. Kf2 Rb4 52. Kf3 Kf7 53.
Kf4 Rxa4 54. Kf5 Ra1 55. Re7+ Kf8 56. Rb7 Rf1+ 57. Kg6 Kg8 58. Rb8+ Rf8 59.
Rxb6 Rf1 60. Rd6 a4 61. Rxd4 a3 62. Ra4 h4 63. Bxh4 a2 64. Rxa2 Rf7 65. Ra8+
Rf8 66. Ra7 Rf1 67. Bg5 Rf2 68. Re7 Rf1 69. Be3 Rf3 70. Bg5 Rf1 71. Rc7 Rf2 72.
Rd7 Rf1 73. Be3 Rf3 74. Bh6 Rg3+ 75. Bg5 Rf3 76. Bh4 Rf1 77. Bf6 Rg1+ 78. Bg5
Rf1 79. Rb7 Rf2 80. Re7 Rf1 81. Be3 Rf3 82. Bh6 Rg3+ 83. Bg5 Rf3 84. Bh4 Kf8
85. Re1 Kg8 86. Re7 Kf8 87. Re4 Rf7 88. Bf6 Kg8 89. Re8+ Rf8 90. Re7 Rf7 91.
Re8+ Rf8 92. Re2 Rf7 93. Rh2 Rg7+ 94. Bxg7 1/2-1/2

[Event "18. Copenhagen Open (Politiken Cup)"]
[Site "Brondby"]
[Date "1996.??.??"]
[Round "10"]
[White "Dongart, Dennis"]
[Black "Borge, Nikolaj"]
[Result "0-1"]
[WhiteElo "2155"]
[BlackElo "2455"]
[PlyCount "114"]
[EventDate "1996.??.??"]
[EventType "swiss"]
[EventRounds "11"]
[EventCountry "DEN"]
[SourceDate "2004.01.01"]

1. e4 c5 2. Nf3 d6 3. Bb5+ Nd7 4. O-O Ngf6 5. Re1 a6 6. Bf1 b6 7. d3 Bb7 8. c4
e6 9. Nc3 Ne5 10. g3 Nxf3+ 11. Qxf3 Be7 12. b3 O-O 13. Bb2 Rb8 14. Qe2 Nd7 15.
f4 Bf6 16. Bg2 b5 17. Kh1 Qb6 18. g4 Bd4 19. Qc2 Rbe8 20. Ne2 Bxb2 21. Qxb2
bxc4 22. dxc4 Nf6 23. Ng3 Nxg4 24. Nh5 f6 25. Bf3 g6 26. Bxg4 gxh5 27. Bxh5 Re7
28. Rg1+ Kh8 29. Bf3 Qc7 30. Rg3 Rg7 31. Rag1 Rxg3 32. Rxg3 e5 33. f5 Qa5 34.
Qg2 Bxe4 35. h4 Bxf3 36. Qxf3 Qe1+ 37. Kh2 Rg8 38. Rxg8+ Kxg8 39. Qg4+ Kf8 40.
Qh5 Qf2+ 41. Kh3 Qf1+ 42. Kh2 Qf4+ 43. Kg2 Kg7 44. Qd1 e4 45. Qd5 Qf3+ 46. Kh2
Qf2+ 47. Kh3 e3 48. Qb7+ Kh6 49. Qc8 Qf3+ 50. Kh2 Kh5 51. Qd7 Qf2+ 52. Kh3
Qxh4+ 53. Kg2 Kg4 54. Qg7+ Kf4 55. Qe7 Qg3+ 56. Kh1 Kf3 57. Qb7+ Kf2 0-1

[Event "18. Copenhagen Open (Politiken Cup)"]
[Site "Brondby"]
[Date "1996.??.??"]
[Round "10"]
[White "Emms, John"]
[Black "Hansen, Lars Bo"]
[Result "1/2-1/2"]
[WhiteElo "2500"]
[BlackElo "2565"]
[PlyCount "56"]
[EventDate "1996.??.??"]
[EventType "swiss"]
[EventRounds "11"]
[EventCountry "DEN"]
[SourceDate "2004.01.01"]

1. e4 c6 2. d4 d5 3. Nd2 dxe4 4. Nxe4 Bf5 5. Ng3 Bg6 6. h4 h6 7. Nf3 Nd7 8. h5
Bh7 9. Bd3 Bxd3 10. Qxd3 e6 11. Bf4 Ngf6 12. O-O-O Be7 13. Kb1 O-O 14. Ne5 Qa5
15. Nxd7 Nxd7 16. Ne4 Qf5 17. Qf3 Nf6 18. Nxf6+ Bxf6 19. g4 Qd5 20. Rh3 Rad8
21. Bxh6 Qxf3 22. Rxf3 Rxd4 23. Rxd4 Bxd4 24. Bc1 f5 25. c3 Bb6 26. gxf5 Rxf5
27. Rxf5 exf5 28. f3 g6 1/2-1/2

[Event "18. Copenhagen Open (Politiken Cup)"]
[Site "Brondby"]
[Date "1996.??.??"]
[Round "10"]
[White "Fuglsang, Flemming"]
[Black "Nielsen, Jacob Woge"]
[Result "1/2-1/2"]
[WhiteElo "2285"]
[BlackElo "2150"]
[PlyCount "102"]
[EventDate "1996.??.??"]
[EventType "swiss"]
[EventRounds "11"]
[EventCountry "DEN"]
[SourceDate "2004.01.01"]

1. e4 Nf6 2. e5 Nd5 3. Nc3 Nxc3 4. bxc3 d6 5. f4 c5 6. d4 dxe5 7. fxe5 Nc6 8.
Nf3 Bg4 9. Be3 e6 10. Rb1 cxd4 11. cxd4 Bb4+ 12. Kf2 O-O 13. Kg3 Bxf3 14. gxf3
Bc3 15. Rxb7 Nxd4 16. Bd3 Qd5 17. Be4 Nf5+ 18. Kf2 Nxe3 19. Kxe3 Qc5+ 20. Ke2
Qxe5 21. Kf1 Rad8 22. Bd3 a5 23. Qe2 Rb8 24. Qxe5 Bxe5 25. Ra7 Bc3 26. Ke2 g6
27. Rc7 Rfc8 28. Rxc8+ Rxc8 29. Rb1 Rc5 30. Rb5 Re5+ 31. Rxe5 Bxe5 32. h3 Kf8
33. Bb5 Ke7 34. Kd3 Kd6 35. Be8 f6 36. Kc4 g5 37. Kb5 Bc3 38. Kc4 Be1 39. a3 f5
40. Kb5 Bc3 41. Kc4 Bd2 42. Kb5 Bc1 43. a4 Bd2 44. c4 Bb4 45. Bf7 e5 46. Bg8 h5
47. Bh7 g4 48. fxg4 hxg4 49. hxg4 fxg4 50. Kb6 g3 51. Be4 Ba3 1/2-1/2

[Event "18. Copenhagen Open (Politiken Cup)"]
[Site "Brondby"]
[Date "1996.??.??"]
[Round "10"]
[White "Furhoff, Johan"]
[Black "Korchnoi, Viktor"]
[Result "0-1"]
[WhiteElo "2305"]
[BlackElo "2645"]
[PlyCount "122"]
[EventDate "1996.??.??"]
[EventType "swiss"]
[EventRounds "11"]
[EventCountry "DEN"]
[SourceDate "2004.01.01"]

1. e4 e6 2. d4 d5 3. Nc3 dxe4 4. Nxe4 Nd7 5. Nf3 Ngf6 6. Nxf6+ Nxf6 7. Bg5 h6
8. Bd2 c5 9. Bb5+ Bd7 10. Qe2 cxd4 11. Nxd4 Bc5 12. Bxd7+ Qxd7 13. Nb3 Bb6 14.
O-O O-O 15. Rad1 Qa4 16. Bc3 Rfd8 17. Bxf6 gxf6 18. Nc1 f5 19. Nd3 Rac8 20. c3
Qxa2 21. Qh5 Qc4 22. Ne5 Qc7 23. Rde1 Rd5 24. Qxh6 Rxe5 25. Qg5+ Kf8 26. Qh6+
Ke7 27. Qh4+ Kd7 28. Qa4+ Ke7 29. Qh4+ f6 30. Rxe5 Bxf2+ 31. Qxf2 Qxe5 32. Qxa7
Qb5 33. Qa3+ Kf7 34. Qd6 Qc5+ 35. Qxc5 Rxc5 36. Rd1 Rb5 37. b4 f4 38. Rd7+ Kg6
39. Kf2 e5 40. Re7 Rb6 41. Rc7 e4 42. Re7 f5 43. Rc7 Ra6 44. Rxb7 e3+ 45. Kf3
Ra1 46. g3 Rf1+ 47. Ke2 Rf2+ 48. Ke1 f3 49. Re7 f4 50. gxf4 Re2+ 51. Kf1 Kf5
52. b5 Kxf4 53. Rf7+ Ke4 54. Re7+ Kd3 55. Rd7+ Kc2 56. Rf7 Rxh2 57. Rxf3 Kd2
58. Kg1 Rh8 59. Rf7 Rg8+ 60. Kh2 Re8 61. Rd7+ Kc2 0-1

[Event "18. Copenhagen Open (Politiken Cup)"]
[Site "Brondby"]
[Date "1996.??.??"]
[Round "10"]
[White "Glek, Igor"]
[Black "Aagaard, Jacob"]
[Result "1-0"]
[WhiteElo "2635"]
[BlackElo "2290"]
[PlyCount "39"]
[EventDate "1996.??.??"]
[EventType "swiss"]
[EventRounds "11"]
[EventCountry "DEN"]
[SourceDate "2004.01.01"]

1. e4 e5 2. Nf3 Nc6 3. Nc3 Nf6 4. g3 Bc5 5. Bg2 a6 6. Nxe5 Nxe5 7. d4 Bd6 8.
dxe5 Bxe5 9. f4 Bxc3+ 10. bxc3 Qe7 11. e5 d6 12. Ba3 Qe6 13. O-O dxe5 14. fxe5
Ng4 15. Bd5 Qb6+ 16. Qd4 Qxd4+ 17. cxd4 Nh6 18. Rab1 Nf5 19. Rxb7 Ne3 20. Bc6+
1-0

[Event "18. Copenhagen Open (Politiken Cup)"]
[Site "Brondby"]
[Date "1996.??.??"]
[Round "10"]
[White "Haapasalo, Jukka Pekka"]
[Black "Andersen, Ole Bo"]
[Result "1/2-1/2"]
[WhiteElo "2240"]
[BlackElo "2110"]
[PlyCount "83"]
[EventDate "1996.??.??"]
[EventType "swiss"]
[EventRounds "11"]
[EventCountry "DEN"]
[SourceDate "2004.01.01"]

1. c4 g6 2. Nc3 Bg7 3. g3 c5 4. Bg2 Nc6 5. e3 e6 6. Nge2 Nge7 7. d4 cxd4 8.
Nxd4 Nxd4 9. exd4 d5 10. cxd5 Nxd5 11. Qb3 O-O 12. O-O Bxd4 13. Nxd5 exd5 14.
Bh6 Re8 15. Bxd5 Be6 16. Bxe6 Rxe6 17. Rad1 Qb6 18. Qxb6 Bxb6 19. Rfe1 Rd8 20.
Rxd8+ Bxd8 21. Rxe6 fxe6 22. Be3 Bf6 23. b3 a6 24. Kg2 Kf7 25. Kf3 Ke7 26. Ke4
Kd6 27. g4 b5 28. Bd4 Bxd4 29. Kxd4 e5+ 30. Ke4 Ke6 31. b4 Kd6 32. h3 Ke6 33.
h4 Kd6 34. f4 exf4 35. Kxf4 h6 36. Ke4 Ke6 37. Kd4 Kd6 38. h5 g5 39. Ke4 Ke6
40. a3 Kf6 41. Kd5 Kf7 42. Kc6 1/2-1/2

[Event "18. Copenhagen Open (Politiken Cup)"]
[Site "Brondby"]
[Date "1996.??.??"]
[Round "10"]
[White "Hartman, Christer"]
[Black "Molvig, Henrik"]
[Result "1/2-1/2"]
[WhiteElo "2370"]
[BlackElo "2180"]
[PlyCount "64"]
[EventDate "1996.??.??"]
[EventType "swiss"]
[EventRounds "11"]
[EventCountry "DEN"]
[SourceDate "2004.01.01"]

1. e4 c5 2. Nf3 d6 3. d4 cxd4 4. Nxd4 Nf6 5. Nc3 a6 6. Bg5 e6 7. f4 Be7 8. Qf3
Qc7 9. O-O-O Nbd7 10. g4 b5 11. Bxf6 Nxf6 12. g5 Nd7 13. f5 Nc5 14. f6 gxf6 15.
gxf6 Bf8 16. Rg1 Bd7 17. Rg7 Bxg7 18. fxg7 Rg8 19. e5 O-O-O 20. exd6 Qb6 21.
Qxf7 b4 22. Nce2 Qxd6 23. Ng3 e5 24. Ngf5 Bxf5 25. Qxf5+ Kb8 26. Nc6+ Qxc6 27.
Rxd8+ Rxd8 28. Qxe5+ Ka8 29. Qg5 Qd6 30. Bg2+ Ka7 31. Bd5 h6 32. Qxd8 Qf4+
1/2-1/2

[Event "18. Copenhagen Open (Politiken Cup)"]
[Site "Brondby"]
[Date "1996.??.??"]
[Round "10"]
[White "Hellstrm, Aake"]
[Black "Lyrberg, Patrik"]
[Result "0-1"]
[WhiteElo "2245"]
[BlackElo "2425"]
[PlyCount "92"]
[EventDate "1996.??.??"]
[EventType "swiss"]
[EventRounds "11"]
[EventCountry "DEN"]
[SourceDate "2004.01.01"]

1. d4 Nf6 2. Nf3 g6 3. Bg5 Bg7 4. Nbd2 d5 5. c3 O-O 6. e3 b6 7. b4 Bb7 8. Be2
Nbd7 9. O-O c5 10. a4 Re8 11. Qb1 c4 12. Rd1 a6 13. h3 b5 14. Bf4 Qc8 15. Ne5
Nf8 16. Bf3 Ne6 17. g4 Rf8 18. Bg2 Ne8 19. Bh2 f6 20. Nef3 Nd6 21. Nf1 Qc6 22.
a5 Rae8 23. N3d2 Nd8 24. e4 Nxe4 25. Nxe4 dxe4 26. d5 Qd7 27. Qxe4 e5 28. Qc2
Nf7 29. Ne3 Nd6 30. Re1 f5 31. gxf5 gxf5 32. f4 e4 33. Rad1 Kh8 34. Bg3 Qf7 35.
Kh2 Qf6 36. Rc1 Qh6 37. Qf2 Bf6 38. Bf1 Rg8 39. Be2 Rxg3 40. Qxg3 Bh4 41. Qg1
Rg8 42. Ng4 fxg4 43. Bxg4 Qxf4+ 44. Kh1 e3 45. Qxe3 Bxd5+ 46. Kg1 Rxg4+ 0-1

[Event "18. Copenhagen Open (Politiken Cup)"]
[Site "Brondby"]
[Date "1996.??.??"]
[Round "10"]
[White "Henriksen, Bo"]
[Black "Koskinen, Henri"]
[Result "0-1"]
[WhiteElo "2080"]
[BlackElo "2230"]
[PlyCount "120"]
[EventDate "1996.??.??"]
[EventType "swiss"]
[EventRounds "11"]
[EventCountry "DEN"]
[SourceDate "2004.01.01"]

1. e4 e5 2. Nf3 Nc6 3. Bb5 a6 4. Ba4 Nf6 5. O-O Be7 6. Re1 b5 7. Bb3 d6 8. c3
O-O 9. d3 Na5 10. Bc2 c5 11. Nbd2 Nd7 12. Nf1 Bf6 13. Ng3 Nb6 14. Be3 Nc6 15.
Qd2 g6 16. Bh6 Bg7 17. h3 Bxh6 18. Qxh6 Qe7 19. Bb3 c4 20. Bc2 cxd3 21. Bxd3
Na4 22. Re2 Nc5 23. Bc2 b4 24. Rd1 bxc3 25. bxc3 f6 26. Red2 Rd8 27. h4 Na5 28.
h5 Nc4 29. Re2 Qg7 30. Qxg7+ Kxg7 31. Bb3 Be6 32. Bxc4 Bxc4 33. Red2 Nb7 34.
hxg6 hxg6 35. Nf1 Bxf1 36. Kxf1 Rac8 37. Rb2 Nc5 38. Nd2 Rc6 39. c4 Rd7 40.
Rdb1 Rdc7 41. Rb6 Kf7 42. Ke2 Ke6 43. g4 Kd7 44. Rxc6 Rxc6 45. Ke3 Rc8 46. Rh1
Rb8 47. Rh6 Ne6 48. Rxg6 Ke7 49. Rh6 Rb2 50. Rh7+ Ke8 51. a4 Nc5 52. g5 fxg5
53. Rg7 Rc2 54. a5 Ra2 55. f3 Ne6 56. Rg8+ Kf7 57. Rb8 Rxa5 58. Rb7+ Kf6 59.
Nb3 Ra3 60. Kd2 a5 0-1

[Event "18. Copenhagen Open (Politiken Cup)"]
[Site "Brondby"]
[Date "1996.??.??"]
[Round "10"]
[White "Hjartarson, Johann"]
[Black "Pedersen, Nicolai Vesterbaek"]
[Result "1-0"]
[WhiteElo "2570"]
[BlackElo "2290"]
[PlyCount "121"]
[EventDate "1996.??.??"]
[EventType "swiss"]
[EventRounds "11"]
[EventCountry "DEN"]
[SourceDate "2004.01.01"]

1. e4 e5 2. Nf3 Nc6 3. Bb5 a6 4. Ba4 Nf6 5. O-O Be7 6. Qe2 b5 7. Bb3 O-O 8. c3
d5 9. d3 Re8 10. Bg5 Be6 11. Rd1 h6 12. Bh4 Nh5 13. Bxe7 Qxe7 14. g3 Rad8 15.
Nbd2 Nf6 16. a4 Qd6 17. axb5 axb5 18. exd5 Nxd5 19. Re1 Nf6 20. Bc2 Bf5 21. Ne4
Nxe4 22. dxe4 Bg4 23. Qe3 b4 24. Nh4 bxc3 25. bxc3 Qd2 26. Qxd2 Rxd2 27. Ba4
Rd6 28. Nf5 Bxf5 29. exf5 Ra8 30. Bc2 Rxa1 31. Rxa1 Kf8 32. Be4 Ke7 33. Ra8 Kf6
34. Rc8 Ne7 35. Rxc7 Nxf5 36. Bxf5 Kxf5 37. Rxf7+ Kg6 38. Rc7 Rd2 39. c4 e4 40.
c5 Rc2 41. c6 Rc3 42. Kf1 e3 43. fxe3 Rxe3 44. Rd7 Rc3 45. c7 Kf6 46. Ke2 g6
47. Kd2 Rc6 48. Kd3 Ke5 49. Re7+ Kf6 50. Rh7 h5 51. Kd4 Ke6 52. Rg7 Kf6 53. Kd5
Rc2 54. Rd7 Rd2+ 55. Kc6 Rc2+ 56. Kb7 Rb2+ 57. Kc8 Rxh2 58. Kd8 Rc2 59. c8=Q
Rxc8+ 60. Kxc8 Kf5 61. Rd4 1-0

[Event "18. Copenhagen Open (Politiken Cup)"]
[Site "Brondby"]
[Date "1996.??.??"]
[Round "10"]
[White "Holmsgaard, Henrik"]
[Black "Hutters, Tomas"]
[Result "0-1"]
[WhiteElo "2290"]
[BlackElo "2435"]
[PlyCount "70"]
[EventDate "1996.??.??"]
[EventType "swiss"]
[EventRounds "11"]
[EventCountry "DEN"]
[SourceDate "2004.01.01"]

1. Nf3 d6 2. c4 Bg4 3. Qb3 Qc8 4. d4 g6 5. Nbd2 Bg7 6. h3 Bxf3 7. Nxf3 Nf6 8.
Bf4 O-O 9. e3 Nfd7 10. Bh2 e5 11. Rd1 exd4 12. Nxd4 Nc6 13. Be2 Nc5 14. Nxc6
bxc6 15. Qc2 Rb8 16. b3 Qa6 17. O-O Qa3 18. Bf3 Rb6 19. Rfe1 a5 20. e4 Nd7 21.
Bg4 Ne5 22. f4 Nxg4 23. hxg4 a4 24. Rd3 Rfb8 25. Rb1 Qc5+ 26. Kh1 axb3 27. axb3
Ra6 28. Bg1 Qb4 29. Bd4 Bxd4 30. Rxd4 Rba8 31. f5 Ra2 32. Qc1 Qc5 33. Rd2 R8a3
34. Qe1 Qe5 35. Re2 Ra1 0-1

[Event "18. Copenhagen Open (Politiken Cup)"]
[Site "Brondby"]
[Date "1996.??.??"]
[Round "10"]
[White "Hiberg, Nina"]
[Black "Ward, Christopher"]
[Result "1-0"]
[WhiteElo "2290"]
[BlackElo "2505"]
[PlyCount "82"]
[EventDate "1996.??.??"]
[EventType "swiss"]
[EventRounds "11"]
[EventCountry "DEN"]
[SourceDate "2004.01.01"]

1. e4 c5 2. Nf3 d6 3. d4 cxd4 4. Nxd4 Nf6 5. Nc3 g6 6. Be2 Bg7 7. O-O O-O 8.
Re1 a6 9. Bf1 b5 10. a4 b4 11. Nd5 Bb7 12. a5 Nxe4 13. Nxb4 e6 14. Ndc6 Bxc6
15. Nxc6 Nxf2 16. Nxd8 Nxd1 17. Nxe6 fxe6 18. Rxd1 d5 19. c3 Nc6 20. Ra4 Be5
21. Be2 h5 22. Be3 Rf7 23. g4 h4 24. g5 Ne7 25. Bg4 Nf5 26. Re1 Bd6 27. Bf2 Re8
28. Be2 Rb7 29. Bb6 Ra8 30. Bf3 Kf7 31. c4 Rc8 32. Rxe6 Rxb6 33. Rf6+ Kg7 34.
axb6 Bc5+ 35. Kg2 h3+ 36. Kxh3 Rh8+ 37. Kg2 Ne3+ 38. Kg3 Nf1+ 39. Kf4 Rh4+ 40.
Ke5 Ne3 41. Rxa6 Nxc4+ 1-0

[Event "18. Copenhagen Open (Politiken Cup)"]
[Site "Brondby"]
[Date "1996.??.??"]
[Round "10"]
[White "Jelling, Erik"]
[Black "Bank, Pelle Rodkjaer"]
[Result "1-0"]
[WhiteElo "2415"]
[BlackElo "2230"]
[PlyCount "25"]
[EventDate "1996.??.??"]
[EventType "swiss"]
[EventRounds "11"]
[EventCountry "DEN"]
[SourceDate "2004.01.01"]

1. d4 g6 2. Nf3 Bg7 3. c4 c5 4. d5 d6 5. Nc3 Bxc3+ 6. bxc3 f5 7. Qa4+ Bd7 8.
Qb3 Qa5 9. Nd2 Nf6 10. Qxb7 O-O 11. Qxa8 Na6 12. Qxa7 Ba4 13. Bb2 1-0

[Event "18. Copenhagen Open (Politiken Cup)"]
[Site "Brondby"]
[Date "1996.??.??"]
[Round "10"]
[White "Koch, Wolfgang Max"]
[Black "Hansen, Sune Berg"]
[Result "0-1"]
[WhiteElo "2325"]
[BlackElo "2495"]
[PlyCount "122"]
[EventDate "1996.??.??"]
[EventType "swiss"]
[EventRounds "11"]
[EventCountry "DEN"]
[SourceDate "2004.01.01"]

1. d4 Nf6 2. Nf3 d5 3. c4 e6 4. Nc3 Be7 5. Bg5 O-O 6. e3 h6 7. Bh4 Ne4 8. Bxe7
Qxe7 9. Rc1 c6 10. Qc2 Nxc3 11. Qxc3 Nd7 12. Bd3 dxc4 13. Bxc4 b6 14. O-O Bb7
15. Rfd1 c5 16. Be2 Rfc8 17. Qa3 a5 18. Bb5 Bxf3 19. gxf3 Nf8 20. dxc5 Ng6 21.
Kh1 bxc5 22. Be2 Qh4 23. Rf1 c4 24. f4 Rab8 25. Rc2 e5 26. Qxa5 exf4 27. Qf5
Rc6 28. exf4 Qe7 29. Bxc4 Rf6 30. Qd3 Nxf4 31. Qe3 Qd7 32. f3 Re8 33. Qd2 Qh3
34. Qf2 Rg6 35. Rg1 Rxg1+ 36. Kxg1 Qd7 37. Qd2 Qf5 38. Bf1 Ne6 39. Qf2 Ng5 40.
Rc3 Qb1 41. f4 Ne4 42. Qe2 Qxa2 43. Re3 Qa7 44. Kg2 f5 45. Ra3 Qb6 46. Ra6 Qd8
47. b4 Kh8 48. Qb2 Qh4 49. Rg6 Re7 50. Qd4 Kh7 51. Rg3 Qxf4 52. Bc4 Qc1 53. Re3
Rc7 54. Bf1 Rc2+ 55. Be2 Rc7 56. Bf1 Qc6 57. b5 Qg6+ 58. Rg3 Rc2+ 59. Kf3 Qh5+
60. Ke3 Nxg3 61. hxg3 Qh2 0-1

[Event "18. Copenhagen Open (Politiken Cup)"]
[Site "Brondby"]
[Date "1996.??.??"]
[Round "10"]
[White "Kosebay, Osman"]
[Black "Rossen, Claus"]
[Result "1/2-1/2"]
[WhiteElo "2220"]
[BlackElo "2080"]
[PlyCount "140"]
[EventDate "1996.??.??"]
[EventType "swiss"]
[EventRounds "11"]
[EventCountry "DEN"]
[SourceDate "2004.01.01"]

1. e4 d6 2. d4 Nf6 3. Nc3 g6 4. f4 Bg7 5. Nf3 c5 6. Bb5+ Bd7 7. e5 Ng4 8. e6
Bxb5 9. exf7+ Kd7 10. Nxb5 Qa5+ 11. Nc3 cxd4 12. Nxd4 Bxd4 13. Qxd4 Nc6 14. Qc4
Qb6 15. Qe2 h5 16. h3 Nh6 17. Nd5 Qa5+ 18. Qd2 Qxd2+ 19. Bxd2 Nf5 20. O-O Rh7
21. g4 hxg4 22. hxg4 Nh6 23. f5 gxf5 24. Bxh6 Rxh6 25. Rxf5 Rf8 26. Raf1 Rg6
27. Ne3 Ne5 28. g5 e6 29. R5f4 Rxg5+ 30. Kf2 Rxf7 31. Rxf7+ Nxf7 32. Ke2 Nh6
33. Rh1 Nf5 34. Nxf5 Rxf5 35. Rh7+ Kc6 36. Rh6 Re5+ 37. Kd2 a5 38. Rh8 Rg5 39.
Rh2 b5 40. Kd3 Rg3+ 41. Kd2 b4 42. Rh4 e5 43. Rh8 Rg2+ 44. Kd3 a4 45. Ra8 Kb5
46. Rb8+ Kc5 47. Ra8 Rg3+ 48. Ke4 a3 49. bxa3 Rxa3 50. Rc8+ Kb6 51. Kd5 Rc3 52.
Rxc3 bxc3 53. Kc4 Ka5 54. Kxc3 d5 55. Kd3 Kb4 56. c3+ Kb5 57. a3 Kc5 58. a4 e4+
59. Ke3 Kc4 60. Kd2 e3+ 61. Kc2 e2 62. Kd2 e1=Q+ 63. Kxe1 Kxc3 64. a5 Kc2 65.
a6 d4 66. a7 d3 67. a8=Q d2+ 68. Kf2 d1=Q 69. Qa4+ Kd2 70. Qxd1+ Kxd1 1/2-1/2

[Event "18. Copenhagen Open (Politiken Cup)"]
[Site "Brondby"]
[Date "1996.??.??"]
[Round "10"]
[White "Ksieski, Zbigniew"]
[Black "Nilsson, Nils Specht"]
[Result "1-0"]
[WhiteElo "2400"]
[BlackElo "2225"]
[PlyCount "67"]
[EventDate "1996.??.??"]
[EventType "swiss"]
[EventRounds "11"]
[EventCountry "DEN"]
[SourceDate "2004.01.01"]

1. d4 b6 2. c4 Bb7 3. Nc3 e6 4. a3 Nf6 5. d5 Bd6 6. Nf3 O-O 7. e4 exd5 8. exd5
Re8+ 9. Be2 Na6 10. b4 c6 11. O-O cxd5 12. cxd5 Nc7 13. Bb2 a5 14. b5 Bc5 15.
Bc4 d6 16. Nd4 Ne4 17. Nc6 Qh4 18. Nxe4 Rxe4 19. g3 Qh3 20. Bd3 Ree8 21. Rc1
Bxc6 22. dxc6 d5 23. Qf3 Re7 24. Bf5 Qh6 25. a4 Qd6 26. Qd3 g6 27. Bd7 Re4 28.
Rfe1 f5 29. Kg2 Rd8 30. f3 Rxe1 31. Rxe1 d4 32. Qc4+ Qd5 33. Qxd5+ Nxd5 34.
Be6+ 1-0